In the beginning : world history from human evolution to the first states

This engaging and accessible volume draws on the most recent historical archeological scholarship to tell the stories of human evolution, "gathering and hunting" societies, and the distinct breakthroughs that led to the emergence of the earliest cities, states, and civilizations. Highlight...

Description complète

Enregistré dans:
Détails bibliographiques
Auteur principal: Ristvet, Lauren.
Format: Livre
Langue:Undetermined
Publié: New York McGraw-Hill 2007
Sujets:
Tags: Ajouter un tag
Pas de tags, Soyez le premier à ajouter un tag!
Thư viện lưu trữ: Trung tâm Học liệu Trường Đại học Cần Thơ
LEADER 01118nam a2200217Ia 4500
001 CTU_151095
008 210402s9999 xx 000 0 und d
020 |c 26.25 
082 |a 930 
082 |b R597 
100 |a Ristvet, Lauren. 
245 0 |a In the beginning : 
245 0 |b world history from human evolution to the first states 
245 0 |c Lauren Ristvet 
260 |a New York 
260 |b McGraw-Hill 
260 |c 2007 
520 |a This engaging and accessible volume draws on the most recent historical archeological scholarship to tell the stories of human evolution, "gathering and hunting" societies, and the distinct breakthroughs that led to the emergence of the earliest cities, states, and civilizations. Highlighting both the separate paths and the intersecting journeys of diverse human communities, In the Beginning provides the essential but often neglected foundation on which all subsequent historical development was constructed. 
650 |a Human evolution,Civilization, Ancient,Prehistoric peoples. 
904 |i Năm 
980 |a Trung tâm Học liệu Trường Đại học Cần Thơ